00909cam a2200241 i 45000010008000000030005000080050017000130080041000300100017000710200015000880400009001030500018001120820010001302400050001402450081001902600038002713000033003094400059003425000160004015040051005616500037006127000018006494611840Nust20170328132018.0770830s1977 nyua b 101 0 eng  a 77013032  a0306326957 cASAB00aQP609.P7bA2400a574.1 aAcid Proteases structure function and biology00aAcid proteases :bstructure, function, and biology /cedited by Jordan Tang. aNew York :bPlenum Press,cc1977. aix, 355 p. :bill. ;c26 cm. 0aAdvances in experimental medicine and biology ;vv. 95 a"Proceedings of a conference on acid proteases: structure, function, and biology, held at the University of Oklahoma, Oklahoma City, November 21-24, 1976." aIncludes bibliographical references and index. 0aProteolytic enzymesxCongresses.1 aTang, Jordan.